header

Aging, disability and independence (Record no. 1982)

MARC details
000 -LEADER
fixed length control field 01659nam a2200349Ia 4500
245 10 - TITLE STATEMENT
Title Aging, disability and independence
260 ## - PUBLICATION, DISTRIBUTION, ETC. (IMPRINT)
Place of publication Amsteerdam :
Name of publisher IOS Press,
Year of publication c2008.
300 ## - PHYSICAL DESCRIPTION
Number of Pages viii, 217 p. :
Other physical details ill.
490 1# - SERIES STATEMENT
Series statement Assistive technology research series,
650 #0 - SUBJECT ADDED ENTRY--TOPICAL TERM
Topical Term Autonomy (Psychology) in old age
Topical Term Older people with disabilities
Topical Term Self-help devices for people with disabilities
Topical Term Technology and older people
700 1# - ADDED ENTRY--PERSONAL NAME
Personal name Mann, William C.
856 40 - ELECTRONIC LOCATION AND ACCESS
Uniform Resource Identifier http://site.ebrary.com/lib/rucke/Doc?id=10285508

No items available.

© 2026 Rongo University
Contact us: librarian | system librarian | Rongo university